Automotive mechanics (Record no. 612032)

000 -LEADER
fixed length control field 00371nam a22001457a 4500
020 ## - INTERNATIONAL STANDARD BOOK NUMBER
International Standard Book Number 9780071125994
040 ## - CATALOGING SOURCE
Transcribing agency Nust
082 ## - DEWEY DECIMAL CLASSIFICATION NUMBER
Classification number 629.2872
Author Mark CRO'A
100 ## - MAIN ENTRY--PERSONAL NAME
Personal name Crouse Anglin
9 (RLIN) 126334
245 ## - TITLE STATEMENT
Title Automotive mechanics
250 ## - EDITION STATEMENT
Edition statement 3rd Edition
260 ## - PUBLICATION, DISTRIBUTION, ETC.
Place of publication, distribution, etc. New York:
Name of publisher, distributor, etc. McMillan /McGraw Hill,
Date of publication, distribution, etc. 1993.
650 ## - SUBJECT ADDED ENTRY--TOPICAL TERM
Topical term or geographic name entry element Automotive mechanics
9 (RLIN) 78291
942 ## - ADDED ENTRY ELEMENTS (KOHA)
Source of classification or shelving scheme
Koha item type Book
Holdings
Withdrawn status Lost status Source of classification or shelving scheme Damaged status Not for loan Permanent Location Current Location Shelving location Date acquired Total Checkouts Full call number Barcode Date last seen Price effective from Koha item type
          College of Electrical & Mechanical Engineering (CEME) College of Electrical & Mechanical Engineering (CEME) General Stacks 10/09/2024   629.2872 CRO'A CEME- 32449 10/09/2024 10/09/2024 Book
© 2023 Central Library, National University of Sciences and Technology. All Rights Reserved.